000 00327nam a22001337a 4500
008 180115b xxu||||| |||| 00| 0 eng d
020 _a9780495114154
041 _aeng
080 _28 ED
_a573
100 _a11
101 _aBIO
245 _aSTUDY GUIDE FOR SOLOMON BERG MARTINS BIOLOGY
_cTAYLOR.R.L
942 _2udc
_cBK
999 _c40305
_d40305